Engineering Mathematics (Record no. 543561)

000 -LEADER
fixed length control field 00401nam a22001577a 4500
082 ## - DEWEY DECIMAL CLASSIFICATION NUMBER
Classification number 510.2462
Author Mark EVA
-- L-39, P-166
100 ## - MAIN ENTRY--PERSONAL NAME
Personal name Evans, C.W
9 (RLIN) 38960
245 ## - TITLE STATEMENT
Title Engineering Mathematics
250 ## - EDITION STATEMENT
Edition statement 3rd ed.
260 ## - PUBLICATION, DISTRIBUTION, ETC.
Place of publication, distribution, etc. UK
Name of publisher, distributor, etc. Chapman & Hall
Date of publication, distribution, etc. 1997
300 ## - PHYSICAL DESCRIPTION
Extent xviii, 783-p
526 ## - STUDY PROGRAM INFORMATION NOTE
Program name 0
Interest level 1
Reading level 0
Title point value 510_246200000000000_EVA
650 ## - SUBJECT ADDED ENTRY--TOPICAL TERM
Topical term or geographic name entry element MCE
9 (RLIN) 379
700 ## - ADDED ENTRY--PERSONAL NAME
Personal name C. W. Evans
9 (RLIN) 38961
942 ## - ADDED ENTRY ELEMENTS (KOHA)
Source of classification or shelving scheme
Koha item type Book
Holdings
Withdrawn status Lost status Source of classification or shelving scheme Damaged status Not for loan Permanent Location Current Location Date acquired Total Checkouts Total Renewals Full call number Barcode Date last seen Date last checked out Price effective from Koha item type
          Military College of Engineering (MCE) Military College of Engineering (MCE) 03/26/2014 1 1 510.2462 EVA MCE-42818 02/24/2016 02/24/2016 03/26/2014 Book
© 2023 Central Library, National University of Sciences and Technology. All Rights Reserved.